00956 2200325 4500001002100000005001500021035002000036007000300056008004100059020002200100082001500122084001700137100004200154245006100196250003500257300005100292700002800343264003200371336002100403337003000424338002300454040002200477090002200499650001300521850001200534041000800546999002200554504003200576990002200608INLIS00000000089219320250107012647 a0010-0125000093ta250107s2024 yoia g a ind d a978-623-02-9520-1 4223a553.92 a553.92 TAM e0 aTambunan, Handrea BernandoePengarang10aEnergi Hidrogen /cTambunan, Handrea BernandoePengarang aCetakan pertama: November 2024 axvi, 209 halaman :bilustrasi, gambar ;c23 cm aIman SantosoePengarang31aSleman :bDeepublish,c2024 2rdacontentateks 2rdamediaatanpa perantara 2rdacarrieravolume aYOPDYOGbinderda aCB-D.11 2024-4003 4aHidrogen aYOPDYOG aind aCB-D.11/2024-4003 aBibliografi: Halaman203-205 aCB-D.11/2024-4003